000 00637nam a2200217 a 4500
001 13629
003 BD-JhCC
005 20240311134423.0
008 240311b 2023b |||| ||a| 001 0 b d
020 _a9847015401959
035 _a(BD-JhCC)13629
040 _aBD-JhCC
_dBD-JhCC
041 _aeng
082 _a891.4415
_bTAG 2023
100 _aঠাকুর, রবীন্দ্রনাথ
245 _aপুনশ্চ /
_b রবীন্দ্রনাথ ঠাকুর,
260 _aঢাকা:
_bজয় প্রকাশন;
_c2023.
300 _a166 p. :
_c22 cm
650 _aBengali Poem
942 _2ddc
_cBK
999 _c13629
_d13629